The physics of Laser-Atom interactions: (Record no. 5404)

MARC details
000 -LEADER
fixed length control field 00526nam a22001937a 4500
003 - CONTROL NUMBER IDENTIFIER
control field OSt
005 - DATE AND TIME OF LATEST TRANSACTION
control field 20161117145513.0
008 - FIXED-LENGTH DATA ELEMENTS--GENERAL INFORMATION
fixed length control field 161117b xxu||||| |||| 00| 0 eng d
020 ## - INTERNATIONAL STANDARD BOOK NUMBER
International Standard Book Number 0521462398
040 ## - CATALOGING SOURCE
Transcribing agency DDC.
082 ## - DEWEY DECIMAL CLASSIFICATION NUMBER
Classification number 539.7SUT 1997.
100 ## - MAIN ENTRY--PERSONAL NAME
Personal name Suter,Dieter;
9 (RLIN) 11303
245 ## - TITLE STATEMENT
Title The physics of Laser-Atom interactions:
260 ## - PUBLICATION, DISTRIBUTION, ETC. (IMPRINT)
Place of publication, distribution, etc. Cambridge;Cambridge University Press,1997.
300 ## - PHYSICAL DESCRIPTION
Extent xiv,457p;
Other physical details ill;
Dimensions 20cm
504 ## - BIBLIOGRAPHY, ETC. NOTE
Bibliography, etc includes index and references.
650 ## - SUBJECT ADDED ENTRY--TOPICAL TERM
Topical term or geographic name as entry element Physics.
9 (RLIN) 809
942 ## - ADDED ENTRY ELEMENTS (KOHA)
Source of classification or shelving scheme Dewey Decimal Classification
Koha item type Open Shelf
Holdings
Withdrawn status Lost status Source of classification or shelving scheme Damaged status Not for loan Home library Current library Date acquired Source of acquisition Inventory number Total Checkouts Full call number Barcode Date last seen Koha item type Price effective from
    Dewey Decimal Classification     MUST Main Library MUST Main Library 17/11/2016   05/24575   539.7SUT 1997. 2016-4945 17/11/2016 Open Shelf  
    Dewey Decimal Classification     MUST Main Library MUST Main Library 17/11/2016   05/24576   539.7SUT 1997. 2016-4946 17/11/2016 Open Shelf  
    Dewey Decimal Classification     MUST Main Library MUST Main Library 17/11/2016   04/21668   539.7SUT 1997. 2016-4947 17/11/2016 Open Shelf  
    Dewey Decimal Classification     MUST Main Library MUST Main Library 09/04/2021 Purchase 06/26541   539.7SUT 1997. 2021-0378 09/04/2021 Open Shelf 09/04/2021
    Dewey Decimal Classification     MUST Main Library MUST Main Library 09/04/2021 Purchase 06/26545   539.7SUT 1997. 2021-0395 09/04/2021 Open Shelf 09/04/2021